Adivina la película (2015-2025) - Estadísticas

Estadísticas generales
  • Esta prueba ha sido intentada 129 veces
  • La puntuación promedio es 5 de 10
Estadísticas de respuestas
Imagen Respuesta % Correcto
Barbie
94%
Frozen 2
78%
Top Gun: Maverick
67%
Oppenheimer
63%
Culpa Mia
61%
Avengers: Infinity War
58%
Cualquiera menos tú
30%
Alerta Roja
24%
Señor dame paciencia
12%
Este maldito fútbol fantasy
3%
No se encontraron pruebas coincidentes
Distribución de puntuación
Porcentaje de gente con cada puntuación
Porcentaje por número respondido
Historial de tus puntuaciones
No has intentado esta prueba.